000 00672nam a2200205 i 4500
001 69204
003 ES-MaACL
005 20231221170053.0
007 t|
008 040917s2003 sp ||||1| spa d
080 _a929 Izquierdo, José María
245 0 0 _aAteneo de Sevilla
_b: Homenaje a la memoria del Ateneista José María Izquierdo.
260 _aSevilla :
_bAteneo de Sevilla,
_c2003.
300 _a67 p. :
_bil. ;
_c24 cm.
500 _aTit. tomado de la cubierta.
600 1 4 _aIzquierdo y Martínez, José María,
_d1886-1922
_965750
710 2 _aAteneo de Sevilla.
_92028
852 _aES-MaACL
_j2180-F-7
_bR.132277
999 _c69204
_d69204